A Textbook on Heat transfer (Record no. 115)

MARC details
000 -LEADER
Fixed length control field 00483nam a2200193 4500
003 - CONTROL NUMBER IDENTIFIER
Control field SEACOMEC
005 - DATE AND TIME OF LATEST TRANSACTION
Control field 20240404145525.0
008 - FIXED-LENGTH DATA ELEMENTS--GENERAL INFORMATION
Fixed length control field 231006b |||||||| |||| 00| 0 eng d
020 ## - INTERNATIONAL STANDARD BOOK NUMBER / ISBN
Price Rs. 300.00
040 ## - CATALOGING SOURCE
Original cataloging agency SEACOMEC
082 ## - DEWEY DECIMAL CLASSIFICATION NUMBER
Classification number 621.4022
Book Number S948
100 1# - MAIN ENTRY--PERSONAL NAME
Personal name Sukhatme, S.P.
245 12 - TITLE STATEMENT
Title A Textbook on Heat transfer
Statement of responsibility S.P. Sukhatme
250 ## - EDITION STATEMENT
Edition statement 4th ed.
260 ## - IMPRINT
Place of publication Hyderabad
Name of publisher Universities
Date of publication 2005
650 ## - SUBJECT ADDED ENTRY--TOPICAL TERM
Topical term Applied physics
650 ## - SUBJECT ADDED ENTRY--TOPICAL TERM
Topical term Heat engineering
942 ## - ADDED ENTRY ELEMENTS (KOHA)
Koha item type Books
Holdings
Withdrawn status Lost status Source of classification Damaged status Not for loan Home library Current library Date acquired Total Checkouts Call number Accession number Date last seen Price effective from Koha item type Copy number
    Dewey Decimal Classification     SEACOM ENGINEERING COLLEGE SEACOM ENGINEERING COLLEGE 04/04/2024   621.4022 S948 4895 04/04/2024 04/04/2024 Books  
    Dewey Decimal Classification     SEACOM ENGINEERING COLLEGE SEACOM ENGINEERING COLLEGE 04/04/2024   621.4022 S948 4896 04/04/2024 04/04/2024 Books 1
    Dewey Decimal Classification     SEACOM ENGINEERING COLLEGE SEACOM ENGINEERING COLLEGE 04/04/2024   621.4022 S948 4897 04/04/2024 04/04/2024 Books 2
    Dewey Decimal Classification     SEACOM ENGINEERING COLLEGE SEACOM ENGINEERING COLLEGE 04/04/2024   621.4022 S948 4898 04/04/2024 04/04/2024 Books 3
    Dewey Decimal Classification     SEACOM ENGINEERING COLLEGE SEACOM ENGINEERING COLLEGE 04/04/2024   621.4022 S948 4899 04/04/2024 04/04/2024 Books 4
    Dewey Decimal Classification     SEACOM ENGINEERING COLLEGE SEACOM ENGINEERING COLLEGE 04/04/2024   621.4022 S948 4900 04/04/2024 04/04/2024 Books 5
    Dewey Decimal Classification     SEACOM ENGINEERING COLLEGE SEACOM ENGINEERING COLLEGE 04/04/2024   621.4022 S948 4901 04/04/2024 04/04/2024 Books 6
    Dewey Decimal Classification     SEACOM ENGINEERING COLLEGE SEACOM ENGINEERING COLLEGE 04/04/2024   621.4022 S948 4902 04/04/2024 04/04/2024 Books 7
    Dewey Decimal Classification     SEACOM ENGINEERING COLLEGE SEACOM ENGINEERING COLLEGE 04/04/2024   621.4022 S948 4903 04/04/2024 04/04/2024 Books 8
    Dewey Decimal Classification     SEACOM ENGINEERING COLLEGE SEACOM ENGINEERING COLLEGE 04/04/2024   621.4022 S948 4904 04/04/2024 04/04/2024 Books 9
© Seacom Engineering College, All rights reserved.      Powered by Koha